| 000 | 00615nam a2200169Ia 4500 | ||
|---|---|---|---|
| 008 | 220216s9999 xx 000 0 und d | ||
| 100 | _aMandal D. | ||
| 245 | 0 | _aInfluence of NPK fertilizers on growing and yield of rubber (Hevea brasiliensis) in NE region | |
| 260 |
_bNational Seminar on Developments in Soil Science - 2003: 68th Annual Convention, 4-8 November 2003, CS Azad University of Agriculture and Technology, Kanpur, India _c2003 |
||
| 650 | _aGrowth | ||
| 650 | _aNorth East India | ||
| 650 | _aNPK fertilizer | ||
| 650 | _aYield | ||
| 700 | _aPunnoose K.I. | ||
| 700 | _aSingh R.P. | ||
| 942 | _cBS | ||
| 999 |
_c52629 _d52629 |
||